CONCEPTS IN ENTERPRISE RESOURCE PLANNING (Record no. 4578)

MARC details
000 -LEADER
fixed length control field 00378nam a2200145Ia 4500
008 - FIXED-LENGTH DATA ELEMENTS--GENERAL INFORMATION
fixed length control field 240624s9999 xx 000 0 und d
041 ## - LANGUAGE CODE
Language code of text/sound track or separate title eng
082 ## - DEWEY DECIMAL CLASSIFICATION NUMBER
Classification number 658.4012 MON
100 ## - MAIN ENTRY--PERSONAL NAME
Personal name MONK ELLEN
245 ## - TITLE STATEMENT
Title CONCEPTS IN ENTERPRISE RESOURCE PLANNING
250 ## - EDITION STATEMENT
Edition statement (2nd ed.)
260 ## - PUBLICATION, DISTRIBUTION, ETC.
Date of publication, distribution, etc. 2007
Place of publication, distribution, etc. Australia
Name of publisher, distributor, etc. Thomson Asia
300 ## - PHYSICAL DESCRIPTION
Extent xvii, : 230 : p. : cm. ; 24
365 ## - TRADE PRICE
Currency code RS
Price amount 30
Holdings
Withdrawn status Lost status Damaged status Not for loan Home library Current library Shelving location Date acquired Source of acquisition Cost, normal purchase price Total Holds Full call number Barcode Date last seen Copy number Price effective from Koha item type
        IMTN IMTN Rack 28-B 02/28/2007 IBH 175.00 576 658.4012 MON 4578 06/24/2024 1 06/24/2024 Books
Designed & Maintained by: LRC IMT Nagpur Contact: lrc@imtnag.ac.in© 2024. All Rights Reserved.